000 00602nac a22001937a 4500
003 OSt
005 20250807082040.0
008 240522b |||||||| |||| 00| 0 eng d
020 _a9781989595503
040 _aDWC-Main Lib
_cOC
082 _aCirc. 658.8708 S66f 2020
100 _aJe, Johnson
245 _aFranchising success basics :
_ba guide for future franchise /
_cJohnson Je
260 _aCanada :
_bCrimson Hill Books,
_cc2020.
300 _a125 pages :
_billustrations ;
_c23cm.
504 _aIncludes glossary.
650 _a1. Franchising (Retail trade).
942 _2ddc
_cBK-CIRC
_kCirc.
_n0
999 _c44
_d44